Animals By Letter - Statistics

General Stats
  • This quiz has been taken 62 times
  • The average score is 24 of 26
Answer Stats
Picture Hint Answer % Correct
C Camel
100%
E Elephant
100%
J Jellyfish
100%
M Moose
100%
P Pig
100%
R Raccoon
100%
U Unicorn
100%
G Giraffe
98%
K Koala
98%
W Walrus
98%
L Lemur
96%
T Turkey
96%
B Bison
93%
F Ferret
93%
I Iguana
93%
O Orangutan
93%
S Skunk
93%
Z Zebra
93%
H Hedgehog
91%
N Narwhal
89%
V Vulture
87%
D Dingo
84%
A Aardvark
80%
Q Quail
80%
Y Yak
80%
X X-ray Tetra
38%
No matching quizzes found
Score Distribution
Percent of People with Each Score
Percentile by Number Answered
Your Score History
You have not taken this quiz